| 000 | 00606nam a2200229Ia 4500 | ||
|---|---|---|---|
| 003 | OSt | ||
| 005 | 20230406120237.0 | ||
| 008 | 210423s2010 xx 000 0 und d | ||
| 020 | _a9788174468017 | ||
| 040 | _cAL | ||
| 041 | _aeng | ||
| 082 |
_a332 SOMV _223 |
||
| 100 |
_aSOMANATH (V S) _984386 |
||
| 245 | _aMicro clusters: feel global be local | ||
| 260 |
_aNew Delhi _bExcel Books _c2010 |
||
| 300 |
_axvii,173 _bPB |
||
| 365 |
_b300 _cINR |
||
| 650 |
_aEconomics _984387 |
||
| 650 |
_aFinancial Economics _984388 |
||
| 906 | _abe ; clusters: ; feel ; global ; local ; Micro | ||
| 942 |
_2ddc _cBK |
||
| 999 |
_c158860 _d158860 |
||